[Event "NOR-ch op"]
[Site "Oslo"]
[Date "2001.04.08"]
[Round "3"]
[White "Flores, R."]
[Black "Carlsen, Magnus"]
[Result "0-1"]
[WhiteElo "2114"]
[BlackElo "2064"]
[PlyCount "74"]
[EventDate "2001.04.07"]
[EventType "swiss"]
[EventRounds "9"]
[EventCountry "NOR"]
[SourceTitle "CBM 081 Extra"]
[Source "ChessBase"]
[SourceDate "2001.05.06"]
[SourceVersion "1"]
[SourceVersionDate "2001.05.06"]
[SourceQuality "1"]

1. e4 c5 2. Nf3 d6 3. d4 Nf6 4. Nc3 cxd4 5. Nxd4 g6 6. f3 Bg7 7. Be3 O-O 8. Qd2
Nc6 9. Nb3 Be6 10. Bh6 a5 11. Bxg7 Kxg7 12. g4 Ne5 13. Be2 Nc4 14. Bxc4 Bxc4
15. h4 a4 16. Nd4 e5 17. Ndb5 d5 18. g5 Nh5 19. exd5 Nf4 20. O-O-O Ra5 21. Na3
Bxd5 22. Nxd5 Rxd5 23. Qe3 Rxd1+ 24. Rxd1 Qc7 25. Qe4 Qc5 26. Qxb7 Ne2+ 27. Kd2
Qf2 28. Qc7 e4 29. fxe4 Re8 30. e5 Qd4+ 31. Ke1 Qe4 32. Kd2 Rxe5 33. c4 Qf4+
34. Kc2 Nd4+ 35. Rxd4 Qxd4 36. Qxe5+ Qxe5 37. b4 Qe2+ 0-1

[Event "Nordic-chT U20"]
[Site "Viby"]
[Date "2002.09.06"]
[Round "1.7"]
[White "Ong, Kezli"]
[Black "Carlsen, Magnus"]
[Result "1-0"]
[WhiteElo "2173"]
[BlackElo "2237"]
[PlyCount "145"]
[EventDate "2002.09.06"]
[EventType "team-tourn"]
[EventRounds "3"]
[EventCountry "DEN"]
[SourceTitle "EXT 2018"]
[Source "ChessBase"]
[SourceDate "2017.10.13"]
[SourceVersion "1"]
[SourceVersionDate "2017.10.13"]
[SourceQuality "1"]
[WhiteTeam "Sweden"]
[BlackTeam "Norway"]
[WhiteTeamCountry "SWE"]
[BlackTeamCountry "NOR"]

1. e4 c5 2. Nf3 Nc6 3. d4 cxd4 4. Nxd4 Nf6 5. Nc3 d6 6. Bg5 e6 7. Qd2 a6 8.
O-O-O h6 9. Be3 Be7 10. f4 Nxd4 11. Bxd4 b5 12. Be2 Bb7 13. Bf3 b4 14. Na4 Qa5
15. b3 e5 16. fxe5 dxe5 17. Bb6 Qb5 18. Rhe1 O-O 19. h4 Bc8 20. Rg1 Bg4 21.
Bxg4 Nxg4 22. g3 Nf6 23. Rge1 Rac8 24. Qg2 Rc6 25. Be3 Rfc8 26. Rd2 Ng4 27. Bg1
Nf6 28. g4 Nh7 29. Bf2 Nf8 30. Qf1 Ng6 31. Qxb5 axb5 32. Nb6 Rb8 33. Nd5 Bf8
34. Red1 Ra6 35. Kb1 Nf4 36. Nxf4 exf4 37. Rd8 Raa8 38. Rxb8 Rxb8 39. Rd5 Be7
40. Rf5 g5 41. hxg5 hxg5 42. Bc5 Bd8 43. Bxb4 Kg7 44. Kb2 Kg6 45. Rd5 Bf6+ 46.
e5 Bg7 47. Bc3 b4 48. Bd4 f3 49. c3 Rh8 50. Rd6+ f6 51. exf6 Rh2+ 52. Kb1 Bh8
53. cxb4 f2 54. Bxf2 Rxf2 55. b5 Bxf6 56. b6 Rf4 57. a3 Rf3 58. a4 Rxb3+ 59.
Kc2 Rb2+ 60. Kd3 Kf7 61. a5 Be5 62. Rc6 Ra2 63. Rc5 Bh2 64. Rxg5 Ke6 65. Kc4
Kd7 66. Kb5 Bf4 67. Rf5 Rb2+ 68. Ka6 Bh2 69. Kb7 Bg1 70. Rf6 Ke7 71. Rc6 Ra2
72. a6 Kd7 73. Rg6 1-0

[Event "Nordic-chT U20"]
[Site "Viby"]
[Date "2002.09.07"]
[Round "2.7"]
[White "Carlsen, Magnus"]
[Black "Glud, Jakob Vang"]
[Result "0-1"]
[WhiteElo "2237"]
[BlackElo "2109"]
[PlyCount "44"]
[EventDate "2002.09.06"]
[EventType "team-tourn"]
[EventRounds "3"]
[EventCountry "DEN"]
[SourceTitle "EXT 2018"]
[Source "ChessBase"]
[SourceDate "2017.10.13"]
[SourceVersion "1"]
[SourceVersionDate "2017.10.13"]
[SourceQuality "1"]
[WhiteTeam "Norway"]
[BlackTeam "Denmark"]
[WhiteTeamCountry "NOR"]
[BlackTeamCountry "DEN"]

1. d4 d5 2. c4 e6 3. Nc3 Be7 4. Nf3 Nf6 5. cxd5 exd5 6. Bg5 Nbd7 7. e3 O-O 8.
Bd3 Re8 9. O-O c6 10. Qc2 Nf8 11. h3 Bd6 12. e4 dxe4 13. Bxe4 Be7 14. Bxf6 Bxf6
15. Rad1 Qa5 16. d5 Bxc3 17. bxc3 cxd5 18. Rxd5 Qc7 19. Rb1 Rb8 20. Nd4 Be6 21.
Nxe6 Rxe6 22. Rd3 Rxe4 0-1

[Event "EU-Cup 19th"]
[Site "Rethymno"]
[Date "2003.09.30"]
[Round "3.1"]
[White "Carlsen, Magnus"]
[Black "McShane, Luke J"]
[Result "1/2-1/2"]
[WhiteElo "2385"]
[BlackElo "2619"]
[Annotator "Rogozenco,D"]
[PlyCount "82"]
[EventDate "2003.09.28"]
[EventType "team-swiss"]
[EventRounds "7"]
[EventCountry "GRE"]
[SourceTitle "CBM 098"]
[Source "ChessBase"]
[SourceDate "2004.02.03"]
[SourceVersion "1"]
[SourceVersionDate "2004.02.03"]
[SourceQuality "1"]
[WhiteTeam "Asker"]
[BlackTeam "Werder Bremen"]
[WhiteTeamCountry "NOR"]
[BlackTeamCountry "GER"]

1. e4 c5 2. Nf3 Nc6 3. Nc3 Nf6 4. d4 cxd4 5. Nxd4 e5 6. Ndb5 d6 7. Bg5 a6 8.
Na3 b5 9. Bxf6 gxf6 10. Nd5 f5 11. Bd3 Be6 12. O-O Bxd5 13. exd5 Ne7 14. c3 Bg7
15. Qh5 e4 16. Bc2 Qc8 17. Rae1 O-O 18. Bb3 {This move was long time
underestimated, and in some theoretical sources considered even dubious, based
on the game Nunn-McShane, 1998. In reality 18.Bb3 is a natural move and it
leads to a very solid line, requiring accuracy from Black. Nevertheless it has
certain drawish tendencies, which constitutes its main drawback.} a5 {A
temporary pawn sacrifice, introduced by McShane in the above-mentioned game.} (
18... Ng6 19. Nc2 Re8 20. f4 $14) 19. Nxb5 (19. Qg5 Qd7 ({Also} 19... Qb7 {
is enough for Black to keep the balance.}) 20. f3 Ng6 21. fxe4 f4 $44 22. Nb1
b4 23. cxb4 axb4 24. Nd2 Bxb2 25. Nc4 Bc3 26. Re2 Rac8 {was good for Black in
another game of McShane: Lindberg,B-McShane,L/Malmo 2003.}) 19... a4 20. Bd1 ({
After} 20. Bc2 Qc5 {White cannot play 21.Nd4 anymore, because of 21...Bxd4 22.
cxd4 Qxc2. Also to protect the knight by the bishop is not possible, so the
only move remaining is 21.Na3, which gives Black excellent play (with either
21...Qxd5 or 21...Rfb8 first).}) 20... Qc5 21. Nd4 {The strongest continuation.
} (21. Be2 {is artificial - too many moves by the bishop (Bf1-d3-c2-b3-d1-e2),
only to end up on inconvenient square e2.} Nxd5 (21... f4 $5) 22. Qg5 (22. Qxf5
Nxc3 23. Qxc5 Nxe2+ 24. Rxe2 dxc5 25. Rxe4 $11) 22... Rab8 23. Nd4 h6 {and
Black has a good play, since} 24. Qxf5 Rxb2 {points out the clumsy position of
White's pieces (rooks and bishop).}) 21... Qxd5 22. Re3 (22. Qg5 Qe5 23. f4 (
23. f3 f4 24. Qh4 f5 25. g4 Ng6 26. Qh3 fxg4 27. Qxg4 e3 $13 {1-0 Van den Doel,
E-Bade,J/Germany 2002 (56)}) 23... Qf6 24. g4 d5 25. a3 Rfb8 26. Re2 {was
absolutely equal in Nunn,J-McShane,L/Hastings 1998, which soon ended in a draw.
}) 22... Qe5 (22... Rfb8 23. Rh3 (23. b3 f4 $5) 23... h6 (23... Rxb2 $5 24.
Qxh7+ Kf8) 24. b3 a3 $13 {1-0 Vallejo Pons,F-Van Wely,L/Bled 2002 (49)}) (22...
f4 $2 23. Rxe4 $1 ({Even better than} 23. Qxd5 Nxd5 24. Rxe4 Rfb8) 23... Qxe4
24. Bc2 $18) 23. Rh3 $146 (23. Rg3 Qf6 $6 24. f3 $14 {1-0 Spoelman,W-Ris,R/
Enschede 2003 (69)}) 23... h6 24. f4 Qf6 {The position has the drawish
tendencies I was talking before. Soon White will attack and destroy opponent's
pawn chain with the help on g2-g4. That would lead to some exchange of pawns.
On the queenside Black has open files for counterplay. Most likely there will
be more exchanges (either White plays b2-b3, or Black pushes a4-a3). However,
as long as queens are on the board, there are plenty of fighting resources.
Unfortunately the queens will disappear soon from the board.} 25. Kh1 (25. g4
Qg6 (25... fxg4 $5 {/\ 26...Qg6=}) 26. Qxg6 $140 fxg6 27. Ne6 Rfb8) 25... Kh7
26. g4 Qg6 $11 27. Nxf5 Nxf5 28. Qxf5 Qxf5 29. gxf5 Bf6 30. b3 (30. Re1 d5 31.
c4 dxc4 $1 (31... Rfd8 $11) 32. Rxe4 Rfc8 {with some hopes for Black, although
it's still a draw.}) 30... d5 31. bxa4 Rfc8 32. Bb3 Ra5 33. Rd1 Rxc3 (33...
Bxc3 $2 34. Rxd5 $16) 34. Rxc3 Bxc3 35. Bxd5 e3 36. Bxf7 Rxf5 (36... e2 37.
Bg6+ Kg7 38. Rd7+ Kf8 39. Rd8+ Kg7 40. Rd7+ Kg8 41. Rd8+ $11) 37. Rd7 Kh8 38.
Bc4 Rxf4 39. Bd3 Rf2 40. Re7 Rxa2 41. Rxe3 Rxa4 1/2-1/2

[Event "Corus-C"]
[Site "Wijk aan Zee"]
[Date "2004.01.23"]
[Round "11"]
[White "Barendse, Ted"]
[Black "Carlsen, Magnus"]
[Result "0-1"]
[WhiteElo "2206"]
[BlackElo "2484"]
[Annotator "Rogozenco,D"]
[PlyCount "58"]
[EventDate "2004.01.10"]
[EventType "tourn"]
[EventRounds "13"]
[EventCountry "NED"]
[EventCategory "9"]
[SourceTitle "CBM 099"]
[Source "ChessBase"]
[SourceDate "2004.03.30"]
[SourceVersion "1"]
[SourceVersionDate "2004.03.30"]
[SourceQuality "1"]

1. e4 c5 2. Nf3 d6 3. d4 cxd4 4. Nxd4 Nf6 5. Nc3 g6 6. Be3 Bg7 7. f3 O-O 8. Qd2
Nc6 9. Bc4 Bd7 10. O-O-O Qa5 11. Bb3 Rfc8 12. g4 (12. h4 $142) 12... Ne5 13.
Kb1 b5 {A standard reaction after g2-g4, which weakens pawn f3.} (13... Nc4 14.
Bxc4 Rxc4 15. Nb3 Qd8 {is a reasonable alternative.}) 14. Nd5 $2 {White must
have mixed up something. Unfortunately the precise knowledge of theory is
required in chess, especially when playing such lines of Dragon. On the other
hand I must admit that the multitude of variations in these lines require from
White a very good memory. General hints might help for that. For instance here
the type of arising endgame after Nc3-d5 (in this particular line of Dragon
with Qa5 and Rfc8) rarely favours White.} (14. h4 Nc4 15. Bxc4 bxc4 $132) (14.
g5 $142 b4 $1 (14... Nh5 15. Nd5 $14 {[%csl Rh5]}) (14... Ne8 $6 15. h4 $14 {
/+/-}) 15. Nce2 Nh5 16. Ng3 $13) 14... Qxd2 $15 15. Rxd2 (15. Bxd2 Nxd5 16.
exd5 $2 (16. Bxd5 Rab8 $15) 16... Nxg4 17. fxg4 Bxd4 18. h3 Be5 $19 {0-1
Rylander,R-Rosell,T/Haninge 1997 (58)}) 15... Nxd5 16. exd5 (16. Bxd5 Rab8 $15
17. h4 $2 e6 18. Bb3 a5 19. a3 a4 20. Ba2 b4 {and White was in deep troubles
in Leygue,D-Rausis,I/Creon 1999}) 16... a5 {One single mistake in a
theoretical postion might be enough to lose the game in Dragon. Here the
disappearance of queens from the board won't save White - he is not able to
stop Black's attack anyway.} 17. a3 Rab8 $19 18. c3 (18. Bg5 a4 (18... b4 $2
19. a4) 19. Ba2 b4 {is also hopeless:} 20. Bxe7 (20. axb4 Rxb4 21. Ka1 Nxf3 22.
Nxf3 Bxb2+ 23. Kb1 Bxg4 $19) 20... bxa3 21. b3 axb3 $19) 18... b4 19. axb4 (19.
cxb4 axb4 20. a4 Ra8 $19) 19... axb4 20. cxb4 (20. c4 Nxc4 21. Bxc4 Rxc4 22.
Rc1 {would have been a lesser evil.}) 20... Rxb4 21. Rf1 Bb5 {Black attacks
with all pieces. It's a complete disaster for White. The rest does not need
any comments, Black can win in many ways.} 22. Rff2 Nd3 23. Nxb5 Rxb3 24. Nd4
Bxd4 25. Bxd4 Nxf2 26. Rxf2 Rd3 27. Bc3 Rcxc3 28. bxc3 Rxc3 29. Re2 Kf8 0-1

[Event "Corus-C"]
[Site "Wijk aan Zee"]
[Date "2004.01.24"]
[Round "12"]
[White "Carlsen, Magnus"]
[Black "Ernst, Sipke"]
[Result "1-0"]
[WhiteElo "2484"]
[BlackElo "2474"]
[Annotator "Lukacs,P"]
[PlyCount "57"]
[EventDate "2004.01.10"]
[EventType "tourn"]
[EventRounds "13"]
[EventCountry "NED"]
[EventCategory "9"]
[SourceTitle "CBM 099"]
[Source "ChessBase"]
[SourceDate "2004.03.30"]
[SourceVersion "1"]
[SourceVersionDate "2004.03.30"]
[SourceQuality "1"]

1. e4 {McShane} c6 2. d4 d5 3. Nc3 dxe4 4. Nxe4 Bf5 5. Ng3 Bg6 6. h4 h6 7. Nf3
Nd7 8. h5 Bh7 9. Bd3 Bxd3 10. Qxd3 e6 11. Bf4 Ngf6 12. O-O-O Be7 13. Ne4 Qa5
14. Kb1 O-O 15. Nxf6+ Nxf6 16. Ne5 Rad8 17. Qe2 (17. Qb3 Qb6 18. Qxb6 axb6 {
This _|_ is again slightly better for White, but against a good technique this
cannot be converted into a win.} 19. c4 b5 $5 {clearing the way for >< d5.} 20.
cxb5 cxb5 21. g4 Nd5 22. Bc1 Rd6 (22... Rc8 23. f4) 23. f4 Ra8 24. g5 {White
still has some activity on the >> even without queens.} Rda6 $1 (24... f6 {
is a bit passive.} 25. Ng6 Rda6 26. gxh6 gxh6 27. f5 exf5 28. Bxh6 Rxa2 29.
Nxe7+ Nxe7 30. Kc2 $14 {Ledger-Gyimesi, Catalan Bay 2003}) 25. gxh6 (25. a3 b4
26. gxh6 gxh6) 25... Rxa2 26. Rdg1 Nb4 27. Rxg7+ Kf8 28. Rxf7+ Ke8 29. Rxe7+
Kxe7 30. b3 Ra1+ 31. Kb2 Nd5 $11) (17. Qg3 {is the theoretical main line these
days.} Kh8 18. c4 (18. Rd3 Nd5 (18... c5 $5 19. dxc5 (19. Qf3 Rxd4 (19... cxd4
20. Qxb7 Qc5) 20. Rxd4 cxd4 21. Qxb7 Nd5 22. Bg3 Qa4 23. Qb3 Qa6 {Black has to
keep the Q for the -> on the <<.} 24. Qd3 Qa4 $13 {Adams-Bareev, Canditas
Tournament Gp 2002}) 19... Qxc5 (19... Bxc5 20. Bxh6 $5 gxh6 21. Qf4 Ng8 22.
Rxd8 Qxd8 23. Nxf7+ Rxf7 24. Qxf7 $14) 20. Rxd8 Bxd8 21. Be3 Qa5 $13) (18...
Qb6 19. Be3 {provoking} Nd5 {after which the N can be hit by c4.} 20. Rb3 Qa6
21. Bc1 Bf6 22. f4 Ne7 23. Qf2 Nf5 24. c3 Bxe5 25. fxe5 Qd3+ 26. Qc2 Qxc2+ 27.
Kxc2 Rd7 28. g4 $14 {Z.Almasi-Bareev, BIH-chT Jahorina 2003}) 19. Bd2 Qb6 (
19... Qa4 $5) 20. c4 Nf6 21. Be3 Qa6 $1 (21... Qa5 $2 {This slight inaccuracy
is enough for getting into trouble.} 22. Rb3 $1 Qa6 23. Qf3 $1 $16 {/\ g4
Apicella-Bauer, Aix les Bains 2003 CBM 97}) 22. Qf3 Kg8 23. g4 Nd7 $1) (18. Qf3
Qd5 19. Qxd5 cxd5 {is a clearly favourable exchange for Black.} 20. f3 Nd7 21.
g4 Nxe5 22. Bxe5 Rc8 23. Bf4 Rc6 24. Rhg1 Kh7 25. Rg2 g5 26. Bc1 Bd6 27. Re1
Bb8 28. Rge2 Kg7 $11 {Cao Sang-Ruck, Balatonlelle 2002}) (18. Qb3 Qb6 19. c3
Kg8 20. g4 c5 21. Qxb6 axb6 {The doubled pawns are not really weak.} 22. dxc5
Bxc5 23. f3 Nd5 24. Bc1 b5 $11 {strengthening the position of the blockading N
on d5, Dominguez-Dreev, North Sea Cup 2003.}) 18... c5 (18... Nd7 19. Rd3 Bf6 (
19... Qa6 {- Akopian-Bareev, Enghien les Bains 2003 CBM 96}) 20. Rhd1 Nxe5 21.
Bxe5 Bxe5 22. Qxe5 Qb4 23. Qc5 Qa4 24. b3 Qa6 25. g4 b5 $13 {Karjakin-Van
Delft, Open Vienna 2003}) 19. Qf3 (19. Be3 cxd4 20. Bxd4 Kg8 21. Qe3 Rd6 22.
Bc3 Qc7 23. g4 Rxd1+ 24. Rxd1 Rd8 25. Rxd8+ {In this _|_ White has a
microscopical advantage, which cannot be enough against an expert like Dreev.}
Qxd8 26. Qd4 (26. Kc2 a6 27. f3 Qc7 28. Qd4 Bc5 29. Qd3 Bd6 $11 {Wedberg-Dreev,
SWE-chT 2002/03}) 26... a6 $11 {De Firmian-Dreev, SWE-chT 2002/03}) 19... cxd4
20. Qxb7 Bd6 21. Rhe1 Rb8 {concentrating on the |^ on the << looks more to the
point.} (21... Nxh5 $6 {Black takes the P, but loses the |^.} 22. Bd2 Qc7 23.
Qxc7 Bxc7 24. Nc6 Rd7 25. Bb4 (25. Nxa7 $5) 25... Re8 26. Bc5 $1 (26. Rxd4 Rxd4
27. Nxd4 Nf4 $132 {Landa-Schneider Zinner, Vienna 2003}) 26... d3 27. Nxa7 Nf4
28. g3 d2 (28... Ne2 29. Nb5) 29. Rh1 Nd3 30. Be3 $16) 22. Qf3 Rb6 $1 (22...
Nxh5 $4 23. Bd2 $1 $18 {Shirov-Kacheishvili, Rethymnon 2003 CBM 98} (23. Bxh6
$4 gxh6 24. Qxh5 Rxb2+ $19)) (22... Kg8 23. Re2 Rb6 24. Rxd4 Rfb8 25. g4 Qa4
26. Rd3 Rc8 27. b3 Qb4 28. Bd2 Qa3 29. Bc1 Qb4 30. Bb2 a5 31. g5 hxg5 32. h6
$40 {Van Delft-Schuurman, Wijk aan Zee 2003}) 23. g4 Ra6 24. a3 Rb6 25. Ka2 Qa4
$132) 17... c5 $2 {[#] falling into the well-known motif!} (17... Qb6 {-
Thipsay-Prakash, IND-ch Mumbai 2003 CBM 94}) (17... Nd5 18. Bc1 c5 19. c4 Nf6
20. dxc5 {1/2-1/2 Guerra Bastida-Magem Badals, Mondariz 2002}) 18. Ng6 $1 {
[%mdl 64] This devastating -> is a simple copy of a previous analyse.} fxg6 $2
{Accepting the sacrifice loses by force.} (18... Rfe8 {was the humble, but
best choice.} 19. Nxe7+ Rxe7 20. dxc5 Red7 21. Rxd7 Rxd7 (21... Nxd7 $1 {
McShane: Black should be able to recover the c5 pawn.}) 22. Bd6 b6 23. g4 $1
bxc5 24. Be5 $16) 19. Qxe6+ Kh8 20. hxg6 $1 Ng8 21. Bxh6 $1 gxh6 22. Rxh6+ $1
Nxh6 23. Qxe7 {Up to this moment there is no deviation.} Nf7 {[#]} 24. gxf7 $1
$18 {This strong move decides the game immediately!} (24. Qf6+ Kg8 25. Rh1 Nh6
26. Qe7 Nf7 27. Rh3 $1 (27. Qf6 {led only to a draw by repeating of moves after
} Nh6 28. Qe7 Nf7 {1/2:1/2 Almagro llanos-Gustafsson, Pablo Gorbea mem 2003})
27... Ng5 28. Rh7 $18) 24... Kg7 (24... Qb6 25. Qe5+ Kh7 26. Rh1+ $18 {and
mate is inevitable.}) 25. Rd3 Rd6 (25... Qb6 26. Rg3+ Qg6 27. Rxg6+ Kxg6 28. d5
$18 {and the _|_ is hopeless.}) 26. Rg3+ Rg6 27. Qe5+ Kxf7 28. Qf5+ Rf6 (28...
Ke7 29. Re3+ $18) 29. Qd7# {It is rare to give mate nowadays.} 1-0

[Event "Corus-C"]
[Site "Wijk aan Zee"]
[Date "2004.01.25"]
[Round "13"]
[White "Smeets, Jan"]
[Black "Carlsen, Magnus"]
[Result "1/2-1/2"]
[WhiteElo "2505"]
[BlackElo "2484"]
[Annotator "Rogozenco,D"]
[PlyCount "64"]
[EventDate "2004.01.10"]
[EventType "tourn"]
[EventRounds "13"]
[EventCountry "NED"]
[EventCategory "9"]
[SourceTitle "CBM 099"]
[Source "ChessBase"]
[SourceDate "2004.03.30"]
[SourceVersion "1"]
[SourceVersionDate "2004.03.30"]
[SourceQuality "1"]

1. e4 c5 2. Nf3 d6 3. d4 cxd4 4. Nxd4 Nf6 5. Nc3 g6 6. Be3 Bg7 7. f3 O-O 8. Qd2
Nc6 9. O-O-O Bd7 {This set-up against 9.0-0-0 is less justified than against 9.
Bc4. The explanation is simple - the typical counterplay ...Rc8 followed by ...
Ne5-c4 loses all its attractivness, since White will take on c4 at once,
without wasting time for Bc4-b3.} 10. g4 Rc8 (10... Qa5 11. Nb3 $16) 11. h4 Ne5
(11... h5 12. gxh5 Nxh5 13. Rg1 $16) 12. h5 {A strong (and most direct)
continuation. Another possibility is to start with Kb1 (and eventually Be2
next, keeping the pawn on h4). Then after Qa5 Black must consider Nd5.
Generally, in this line White must know precisely when to play h5, Kb1 or Be2
and how to combine these moves.} Qa5 (12... Nc4 $2 13. Bxc4 Rxc4 14. hxg6 fxg6
15. e5 {is bad for Black}) 13. Be2 (13. Kb1 {Playing this move here allows
Black favourable complications:} Nxf3 $1 {The correct move order. Now the main
line goes:} (13... Rxc3 14. Qxc3 Qxc3 15. bxc3 Nxf3 16. h6 $1 {this
intermediate move limits Black's options}) 14. Nxf3 Rxc3 15. Qxc3 Qxc3 16. bxc3
Bxg4 17. Bg2 Nxe4 18. Rd3 Nxc3+ 19. Kb2 Nd1+ $11) (13. Nb3 $1 Qc7 14. Be2 b5 (
14... Nc4 {is bad again. White takes and then plays e5 at some moment (after
16.hxg6 or 16.h6).}) 15. Kb1 $14 {/+/-} ({Opening the f-file would be a mistake
} 15. hxg6 $2 fxg6 $13 {[%cal Gf8f3]})) 13... b5 14. Kb1 (14. Nb3 Qa6 $5 $13)
14... Rxc3 $5 15. Qxc3 Qxc3 16. bxc3 Rc8 {Black gets a typical compensation
for Dragon. However, it can hardly secure totally equal chances.} 17. hxg6 fxg6
$1 (17... hxg6 18. Kb2 $16) 18. Kb2 a5 19. Bh6 (19. g5 Nh5 20. Rhg1 Nc4+ 21.
Bxc4+ Rxc4 $44) 19... Bh8 20. Rhf1 {Protecting pawn f3 and thus threatening to
take on b5. However, Black is in time to create some initiative and escape.} (
20. Rb1 $1 b4 $140 (20... Be8 21. Bd2 $16 {[%cal Gb2c1]}) 21. cxb4 Nc4+ 22. Kc1
Nxg4 23. fxg4 Bxd4 24. bxa5 Nxa5 25. Bd2 $16 Nc4 26. Rb4 Be6 27. Bxc4 Bxc4 28.
a4 $16) (20. Bxb5 $2 Bxb5 21. Nxb5 Nxf3 $17 {[%csl Rc3,Re4,Rg4]}) 20... Nc4+
21. Bxc4+ Rxc4 22. Rd3 (22. Rb1 b4 $36) 22... Be8 $132 {[%cal Gf6d7,Gd7c5,
Ge8f7]} (22... b4 23. Kb3) 23. Rb1 b4 24. Kc1 (24. Kb3 $2 Bf7) 24... Nd7 25.
Nb3 Bxc3 26. Nxa5 Rc8 27. Bd2 Ne5 $11 28. Bxc3 Nxd3+ 29. cxd3 Rxc3+ (29... bxc3
$5 $13 {it is not clear how can White prove that pawn on c3 is a weakness.
Black wants to push the h-pawn (not mentioning the concrete threat 30...Ra8)
and his chances are by no means worse, while White needs more accuracy.}) 30.
Kd2 Ra3 31. Nc4 Rxa2+ 32. Ke3 Bb5 (32... Ra4 33. Nb6 $11) 1/2-1/2